| 000 | 00362nam a2200157Ia 4500 | ||
|---|---|---|---|
| 100 | _aTaub and Schilling/D.L | ||
| 250 | _a2 | ||
| 942 | _cBK | ||
| 654 | _acommunication system | ||
| 245 | _aPrinciples of communication systems | ||
| 260 |
_bMc Graw Hill _aNew York _c1986 |
||
| 082 |
_a621.38 _bTAU/SCH |
||
| 300 | _a759 | ||
| 546 | _aENGLISH | ||
| 999 |
_c18529 _d18529 |
||